|
|
|
|
| LEADER |
02467nam a22004215i 4500 |
| 001 |
978-3-658-00234-3 |
| 003 |
DE-He213 |
| 005 |
20151204151017.0 |
| 007 |
cr nn 008mamaa |
| 008 |
121009s2013 gw | s |||| 0|eng d |
| 020 |
|
|
|a 9783658002343
|9 978-3-658-00234-3
|
| 024 |
7 |
|
|a 10.1007/978-3-658-00234-3
|2 doi
|
| 040 |
|
|
|d GrThAP
|
| 050 |
|
4 |
|a HG1-HG9999
|
| 072 |
|
7 |
|a KFF
|2 bicssc
|
| 072 |
|
7 |
|a BUS027000
|2 bisacsh
|
| 082 |
0 |
4 |
|a 332
|2 23
|
| 100 |
1 |
|
|a Sommer, Claudia.
|e author.
|
| 245 |
1 |
0 |
|a Private Equity Investments
|h [electronic resource] :
|b Drivers and Performance Implications of Investment Cycles /
|c by Claudia Sommer.
|
| 264 |
|
1 |
|a Wiesbaden :
|b Springer Fachmedien Wiesbaden :
|b Imprint: Springer Gabler,
|c 2013.
|
| 300 |
|
|
|a XXVIII, 301 p. 25 illus.
|b online resource.
|
| 336 |
|
|
|a text
|b txt
|2 rdacontent
|
| 337 |
|
|
|a computer
|b c
|2 rdamedia
|
| 338 |
|
|
|a online resource
|b cr
|2 rdacarrier
|
| 347 |
|
|
|a text file
|b PDF
|2 rda
|
| 490 |
1 |
|
|a Schriften zum europäischen Management
|
| 505 |
0 |
|
|a Review of economic and business literature on private equity in Europe -- Development of a theoretical framework on private equity investment cycles -- Analysis of factors driving private equity investment activity on aggregate and industry level -- Analysis of the performance implications of investment cycles -- Practical implications, summary and conclusion.
|
| 520 |
|
|
|a Private equity experienced dramatic fluctuations in investment activity in line with the turbulences of financial markets in recent years. Claudia Sommer develops a theoretical framework of factors driving private equity investment activity and the resulting performance implications. Using a data set of more than 40,000 European transactions, she applies a variety of econometrical approaches and shows how neoclassical aspects, information asymmetries, agency conflicts, and market timing contribute to the dynamics in the private equity market. In a performance analysis of more than 1,300 European funds she reveals the resulting performance implications.
|
| 650 |
|
0 |
|a Finance.
|
| 650 |
1 |
4 |
|a Finance.
|
| 650 |
2 |
4 |
|a Finance, general.
|
| 710 |
2 |
|
|a SpringerLink (Online service)
|
| 773 |
0 |
|
|t Springer eBooks
|
| 776 |
0 |
8 |
|i Printed edition:
|z 9783658002336
|
| 830 |
|
0 |
|a Schriften zum europäischen Management
|
| 856 |
4 |
0 |
|u http://dx.doi.org/10.1007/978-3-658-00234-3
|z Full Text via HEAL-Link
|
| 912 |
|
|
|a ZDB-2-SBE
|
| 950 |
|
|
|a Business and Economics (Springer-11643)
|